<?xml version="1.0" encoding="UTF-8"?>
<record
    xmlns:xsi="http://www.w3.org/2001/XMLSchema-instance"
    xsi:schemaLocation="http://www.loc.gov/MARC21/slim http://www.loc.gov/standards/marcxml/schema/MARC21slim.xsd"
    xmlns="http://www.loc.gov/MARC21/slim">

  <leader>01572nam a2200253 a 4500</leader>
  <controlfield tag="001">000045187</controlfield>
  <controlfield tag="003">DO-SdBNP</controlfield>
  <controlfield tag="005">20240314193807.0</controlfield>
  <controlfield tag="008">150209s2003    dr            000 0 spa d</controlfield>
  <datafield tag="040" ind1=" " ind2=" ">
    <subfield code="a">DO-SdBNP</subfield>
    <subfield code="b">spa</subfield>
    <subfield code="c">BNPHU</subfield>
  </datafield>
  <datafield tag="082" ind1=" " ind2=" ">
    <subfield code="a">353.4</subfield>
    <subfield code="b">R426r</subfield>
    <subfield code="2">22</subfield>
  </datafield>
  <datafield tag="110" ind1="1" ind2=" ">
    <subfield code="a">Rep&#xFA;blica Dominicana.</subfield>
    <subfield code="b">Comisionado de Apoyo a la Reforma y Modernizaci&#xF3;n de la Justicia</subfield>
    <subfield code="9">17179</subfield>
  </datafield>
  <datafield tag="245" ind1="1" ind2="0">
    <subfield code="a">Reforma constitucional :</subfield>
    <subfield code="b">propuesta integral para el sector judicial /</subfield>
    <subfield code="c">presentaci&#xF3;n ; Alejandro Moscoso Segarra ; edici&#xF3;n Ram&#xF3;n J&#xE1;quez Liriano.</subfield>
  </datafield>
  <datafield tag="260" ind1=" " ind2=" ">
    <subfield code="a">Santo Domingo :</subfield>
    <subfield code="b">Comisionado de Apoyo a la Reforma y Modernizaci&#xF3;n de la Justicia,</subfield>
    <subfield code="c">[2003?].</subfield>
  </datafield>
  <datafield tag="300" ind1=" " ind2=" ">
    <subfield code="a">vii, 73 p ;</subfield>
    <subfield code="c">25 cm.</subfield>
  </datafield>
  <datafield tag="500" ind1=" " ind2=" ">
    <subfield code="a">Mesa Nacional de Decanos de Facultades y Escuelas de Derecho; Comisionado de Apoyo a la Reforma y Modernizaci&#xF3;n de la Justicia.</subfield>
  </datafield>
  <datafield tag="505" ind1="0" ind2=" ">
    <subfield code="a">Presentaci&#xF3;n --</subfield>
    <subfield code="t">La Suprema Corte de Justicia en la reforma constitucional --</subfield>
    <subfield code="t">Del Consejo Nacional de la Magistratura al Consejo General del Poder Judicial --</subfield>
    <subfield code="t">El Consejo de la Magistratura Superior --</subfield>
    <subfield code="t">Fortaleciendo la jurisdicci&#xF3;n constitucional --</subfield>
    <subfield code="t">El Ministerio P&#xFA;blico en la reforma constitucional --</subfield>
    <subfield code="t">Sistema de perfeccionamiento de los tratados internacionales en Rep&#xFA;blica Dominicana --</subfield>
    <subfield code="t">Propuesta de reforma constitucional para el sector judicial --</subfield>
  </datafield>
  <datafield tag="590" ind1=" " ind2=" ">
    <subfield code="a">Inventariado, 2022 / DG</subfield>
  </datafield>
  <datafield tag="650" ind1="4" ind2=" ">
    <subfield code="a">REFORMAS CONSTITUCIONALES</subfield>
    <subfield code="z">REPUBLICA DOMINICANA</subfield>
    <subfield code="9">8313</subfield>
  </datafield>
  <datafield tag="700" ind1="1" ind2="2">
    <subfield code="a">Moscoso Segarra, Alejandro A</subfield>
    <subfield code="d">1964-</subfield>
    <subfield code="e">pres.</subfield>
    <subfield code="9">62241</subfield>
  </datafield>
  <datafield tag="700" ind1="1" ind2="2">
    <subfield code="a">J&#xE1;quez Liriano,Ram&#xF3;n,</subfield>
    <subfield code="e">ed.</subfield>
    <subfield code="9">73203</subfield>
  </datafield>
  <datafield tag="910" ind1=" " ind2=" ">
    <subfield code="a">DG</subfield>
  </datafield>
  <datafield tag="942" ind1=" " ind2=" ">
    <subfield code="2">ddc</subfield>
    <subfield code="c">LBS1</subfield>
  </datafield>
  <datafield tag="952" ind1=" " ind2=" ">
    <subfield code="0">0</subfield>
    <subfield code="1">0</subfield>
    <subfield code="2">ddc</subfield>
    <subfield code="5">1</subfield>
    <subfield code="7">0</subfield>
    <subfield code="8">PD</subfield>
    <subfield code="a">BNPHU</subfield>
    <subfield code="b">BNPHU</subfield>
    <subfield code="c">HD</subfield>
    <subfield code="d">2015-02-09</subfield>
    <subfield code="o">BNPHU PD 353.4 R426r</subfield>
    <subfield code="p">45187-10</subfield>
    <subfield code="r">2020-06-25</subfield>
    <subfield code="w">2020-06-25</subfield>
    <subfield code="y">LBS1</subfield>
  </datafield>
  <datafield tag="952" ind1=" " ind2=" ">
    <subfield code="0">0</subfield>
    <subfield code="1">0</subfield>
    <subfield code="2">ddc</subfield>
    <subfield code="5">1</subfield>
    <subfield code="7">0</subfield>
    <subfield code="8">PD</subfield>
    <subfield code="a">BNPHU</subfield>
    <subfield code="b">BNPHU</subfield>
    <subfield code="c">CT</subfield>
    <subfield code="d">2022-12-06</subfield>
    <subfield code="l">0</subfield>
    <subfield code="o">BNPHU PD 353.4 R426r</subfield>
    <subfield code="p">2022-5907</subfield>
    <subfield code="r">2022-12-06</subfield>
    <subfield code="t">e.2</subfield>
    <subfield code="w">2022-12-06</subfield>
    <subfield code="y">LBS1</subfield>
  </datafield>
  <datafield tag="999" ind1=" " ind2=" ">
    <subfield code="c">44676</subfield>
    <subfield code="d">44676</subfield>
  </datafield>
</record>
